Columbo Season 3 Killers - Statistics

General Stats
  • This quiz has been taken 23 times
  • The average score is 6 of 8
Answer Stats
Picture Answer % Correct
Bart Keppel
89%
Tommy Brown
89%
Adrian Carsini
78%
Mark Halperin | Hugh Caldwell
78%
Nelson Hayward
78%
Riley Greenleaf
67%
Marshall Cahill
44%
Viveca Scott
44%
No matching quizzes found
Score Distribution
Percent of People with Each Score
Percentile by Number Answered
Your Score History
You have not taken this quiz